LEADER 01196nam a2200205 i 4500 001 000000218496 003 CaOOAMICUS 005 20130206000000.0 008 130206s1716 xx u000 u lat u 013 $a197393 026 $am.o- e-Et e-m, pr20 (3) 1716 (R) 040 $aSeMil$bita 245 13$aDe credito & debito, creditore & debitore. Cum nonnullis recentissimis Sacrae Rotae Romanae decisionibus ad materiam spectantibus .. 300 $a[16], 313, [3] p. 500 $aSegn. : a8 A-T8 V6. 773 0 $aDe Luca, Giovanni Battista $tJo. Baptistae De Luca ... Theatrum veritatis & justitiae, sive decisivi discursus per materias, seu titulos distincti & ad veritatem editi in forensibus controversiis canonicis et ciuilibus ..$dVenetiis : Apud Paulum Balleonium, 1716.$g8$w()28028 850 $aSeMil 852 $aSeMil$W1$xVenegono$y1$m2G VI 12 FA$j168906$B168906$CSeMilBibl$Z2$F179735 $8I 852 $aSeMil$W1$xVenegono$y1$m2G VI 30 FA$j168947$B168947$CSeMilBibl$Z2$F179758 $8I 996 $6245$aDe credito & debito, creditore & debitore. Cum nonnullis recentissimis Sacrae Rotae Romanae decisionibus ad materiam spectantibus ..$9(OLS)http://semarc/title/313723 LEADER 01387nam a2200325 i 4500 001 000000112896 003 CaOOAMICUS 005 20030306000000.0 008 030306s1986 it u000 u ita u 013 $a85580 020 $a88-215-1012-3 040 $aSeMil$bita 100 1 $aLohfink, Norbert,$c.$0(OLS)http://semarc/name/15918 240 10$aKirchenträume- Reden gegen den Trend.$0(OLS)http://semarc/title/164681 245 10$aSogni sulla Chiesa /$cNorbert Lohfink ; presentazione di Gianfranco Ravasi. 260 $aMilano :$bPaoline,$c1986. 300 $a195 p. ;$c20 cm. 490 0 $aSperare oggi. Vie nuove di spiritualitą ;$v4 500 $aFondo Card. C.M. Martini. 650 4$aBibbia - Chiesa.$0(OLS)http://semarc/subject/1148 650 4$aChiesa - Spiritualitą.$0(OLS)http://semarc/subject/2825 700 1 $aRavasi, Gianfranco,$c.$0(OLS)http://semarc/name/244 830 0$aSperare oggi. Vie nuove di spiritualitą ;$v4.$0(OLS)http://semarc/title/8035 850 $aSeMil 852 $aSeMil$W1$xVenegono$y1$m2V III 96$j269665$B68613$CSeMilBibl$Z2$F98004 $81 941 1 $a4 961 $aOmaggio: Martini Card. Carlo Maria 996 $6020$a88-215-1012-3$9(OLS)http://semarc/number/95613 996 $6245$aSogni sulla Chiesa$9(OLS)http://semarc/title/164680 996 $6260$aMilano :$bPaoline$9(OLS)http://semarc/publisher/29684